Kluby, które nie spadły z ekstraklasy od conajmniej 10 lat - Statystyki

Ogólne statystyki
  • Ten quiz został rozwiązany 56 razy
  • Średni wynik to 6 z 7
Statystyki odpowiedzi
Sezon w którym ostatnio nie grali Klub % Poprawnych
1938/39 Legia Warszawa
100%
2001/02 Lech Poznań
98%
2006/07 Jagiellonia Białystok
96%
2011/12 Pogoń Szczecin
92%
2014/15 Zagłębie Lubin
86%
2012/13 Cracovia
84%
2011/12 Piast Gliwice
84%
Nie znaleziono quizów pasujących do podanych kryteriów
Rozkład punktacji
Procent ludzi z każdym wynikiem
Percentyl według liczby udzielonych odpowiedzi
Twoja historia wyników
Nie rozwiązałeś tego quizu